| 000 | 00521nam a22001697a 4500 | ||
|---|---|---|---|
| 003 | OSt | ||
| 008 | 260504b |||||||| |||| 00| 0 eng d | ||
| 082 |
_a633.11 _bA28G |
||
| 100 | _aAkhter, Syed Wali | ||
| 245 | _aA genetic Analysis of LA Prevision 25 Wheat (C.I 12596) for Reaction to Leaf Rust and for Awnedness and Stem Pithiness | ||
| 260 |
_aMississippi _bState College, Mississippi _c1955 |
||
| 300 | _a81P. | ||
| 502 |
_bAgronomy _d1955 |
||
| 650 | _aAgronomy | ||
| 650 | _aDoctor of Philosophy | ||
| 942 |
_2ddc _cT |
||
| 999 |
_c50392 _d50392 |
||